Воспламенение пожароопасной жидкости одиночной "горячей" частицей; Пожаровзрывобезопасность; Т. 16, № 6
| Parent link: | Пожаровзрывобезопасность.— , 1992- Т. 16, № 6.— 2007.— [С. 13-20] |
|---|---|
| Autor principal: | |
| Autor Corporativo: | |
| Outros Autores: | |
| Resumo: | Заглавие с экрана. Произведено численное моделирование процесса зажигания пожароопасной жидкости одиночной нагретой до высоких температур частицей в рамках газофазной модели воспламенения. Сформулирована и решена система нелинейных нестационарных дифференциальных уравнений, описывающая в двумерной постановке процессы теплопроводности, испарения жидкости, диффузии и конвекции паров горючего в среде окислителя, кинетику испарения и воспламенения жидкого горючего вещества. Численный анализ позволил установить зависимости времени задержки воспламенения жидкости от начальной температуры и размеров частицы |
| Idioma: | russo |
| Publicado em: |
2007
|
| Assuntos: | |
| Acesso em linha: | http://elibrary.ru/item.asp?id=12513083 |
| Formato: | MixedMaterials Recurso Electrónico Capítulo de Livro |
| KOHA link: | https://koha.lib.tpu.ru/cgi-bin/koha/opac-detail.pl?biblionumber=238612 |
MARC
| LEADER | 00000naa0a2200000 4500 | ||
|---|---|---|---|
| 001 | 238612 | ||
| 005 | 20250121112803.0 | ||
| 035 | |a (RuTPU)RU\TPU\book\259807 | ||
| 035 | |a RU\TPU\book\259573 | ||
| 090 | |a 238612 | ||
| 100 | |a 20130529d2007 k||y0rusy50 ca | ||
| 101 | 0 | |a rus | |
| 102 | |a RU | ||
| 135 | |a drnn ---uucaa | ||
| 181 | 0 | |a i | |
| 182 | 0 | |a b | |
| 200 | 1 | |a Воспламенение пожароопасной жидкости одиночной "горячей" частицей |f Г. В. Кузнецов, П. А. Стрижак | |
| 203 | |a Текст |c электронный | ||
| 300 | |a Заглавие с экрана. | ||
| 320 | |a [Библиогр.: с. 20 (25 назв.)] | ||
| 330 | |a Произведено численное моделирование процесса зажигания пожароопасной жидкости одиночной нагретой до высоких температур частицей в рамках газофазной модели воспламенения. Сформулирована и решена система нелинейных нестационарных дифференциальных уравнений, описывающая в двумерной постановке процессы теплопроводности, испарения жидкости, диффузии и конвекции паров горючего в среде окислителя, кинетику испарения и воспламенения жидкого горючего вещества. Численный анализ позволил установить зависимости времени задержки воспламенения жидкости от начальной температуры и размеров частицы | ||
| 461 | |t Пожаровзрывобезопасность |d 1992- | ||
| 463 | |t Т. 16, № 6 |v [С. 13-20] |d 2007 | ||
| 610 | 1 | |a электронный ресурс | |
| 610 | 1 | |a труды учёных ТПУ | |
| 610 | 1 | |a пожароопасные жидкости | |
| 610 | 1 | |a воспламенение | |
| 610 | 1 | |a зажигание | |
| 700 | 1 | |a Кузнецов |b Г. В. |c специалист в области теплоэнергетики |c профессор Томского политехнического университета, доктор физико-математических наук |f 1949- |g Гений Владимирович |3 (RuTPU)RU\TPU\pers\25528 |9 11458 | |
| 701 | 1 | |a Стрижак |b П. А. |c специалист в области теплоэнергетики |c профессор Томского политехнического университета, доктор физико-математических наук |f 1985- |g Павел Александрович |3 (RuTPU)RU\TPU\pers\25983 |9 11832 | |
| 712 | 0 | 2 | |a Томский политехнический университет (ТПУ) |c (1991-2009) |3 (RuTPU)RU\TPU\col\376 |
| 801 | 2 | |a RU |b 63413507 |c 20150312 |g RCR | |
| 856 | 4 | |u http://elibrary.ru/item.asp?id=12513083 | |
| 942 | |c CF | ||